| 000 | 00488nam a2200181Ia 4500 | ||
|---|---|---|---|
| 001 | 23956 | ||
| 005 | 20260414151012.0 | ||
| 008 | 260414t2012||||xx |||||||||||||| ||spa|| | ||
| 041 | _aESP | ||
| 082 |
_a725.23 _bM533 |
||
| 100 |
_aMeel, Juriaan van _eAUT |
||
| 245 | 0 |
_aCómo planificar los espacios de oficinas : _bguía práctica para directivos y diseñadores |
|
| 260 | _c2012 | ||
| 300 |
_a143 páginas : _c23 cm. |
||
| 650 | _aABD | ||
| 654 | _aCAU | ||
| 942 |
_cLIB _dJUS _fJUS _2ddc _n |
||
| 999 |
_c23956 _d23956 |
||